| 000 | 00559nam a2200181 a 4500 | ||
|---|---|---|---|
| 005 | 20210223120628.0 | ||
| 008 | 991125s1975 es 000 0 spa u | ||
| 035 | _aUPN01000004535 | ||
| 049 | _aCE | ||
| 050 | 4 |
_aN7301 _aS5.58 |
|
| 100 | 1 |
_aSivaramamurti, Calambur, _d1909-1983 _936735 |
|
| 245 | 1 | 3 |
_aEl arte de la India / _cC. Sivaramamurti ; tr. Justo G. Beramendi. |
| 260 |
_aBarcelona, Esp. : _bG. Gili, _c1975. |
||
| 300 |
_a501 p. : _bprincipalmente il. |
||
| 440 | 3 | _aEl arte y las grandes civilizaciones | |
| 650 | 4 |
_aARTE HINDU _92568 |
|
| 905 | _aLibro | ||
| 999 |
_c4535 _d4535 |
||